000 004430000a22001810004500
003 MACL
005 20160120121831.0
008 160120b xxu||||| |||| 00| 0 eng d
040 _aMACL
_cMACL
041 _aEnglish
082 _a005.43/NUT
100 _aNutt, Gary
_933526
245 _aOperating systems
260 _bPearson Education
_c2002
_aDelhi
350 _a295
650 _aComputer programing
_933180
942 _cBK
_k005/Nut
_2ddc
999 _c33418
_d33418